| 000 | 00813nam a22002297a 4500 | ||
|---|---|---|---|
| 008 | 130821s2005 xxu gr eng | ||
| 020 | _a0821359592 | ||
| 040 |
_aCo-BoUCM _bspa |
||
| 041 | 0 | 0 | _aeng |
| 245 | 0 | 0 | _aReshaping the future education and postconflict reconstruction |
| 260 |
_aWashington D.C. (Estados Unidos) _bWorld Bank _c2005 |
||
| 300 | _axx, 93 páginas | ||
| 504 | _aIncluye referencias bibliográficas e indice. | ||
| 650 | 0 | 4 |
_aEducación internacional _913838 |
| 650 | 0 | 4 |
_aGuerra y sociedad _916637 |
| 650 | 0 | 4 |
_aPaz _xEstudio y enseñanza _921202 |
| 650 | 0 | 4 |
_aViolencia _9422 |
| 710 | 2 |
_aWorld Bank _94764 |
|
| 856 | 4 | 1 |
_3Tabla de Contenido _uhttp://www.loc.gov/catdir/toc/fy054/2004400831.html |
| 942 |
_cLIBRO _a5 _e1 _mR433 _2DEWEY _h303.66 |
||
| 999 |
_c90605 _d90605 |
||